दो कौमें / (Record no. 34029)

MARC details
000 -LEADER
fixed length control field 04427nam a22004097a 4500
005 - DATE AND TIME OF LATEST TRANSACTION
control field 20101005151345.0
010 ## - LCCN (DPL NO)
LC control number B-401137-152
020 ## - INTERNATIONAL STANDARD BOOK NUMBER
International Standard Book Number 9789381438720
Terms of availability 150.00
035 ## - SYSTEM CONTROL NUMBER
System control number B-401137-152
037 ## - SOURCE OF ACQUISITION
Source of stock number/acquisition वाणी प्रकाशन/PUB
082 ## - DEWEY DECIMAL CLASSIFICATION NUMBER
Classification number
100 ## - MAIN ENTRY--PERSONAL NAME
Personal name मंटो, सआदत हसन
245 ## - TITLE STATEMENT
Title दो कौमें /
Statement of responsibility, etc सआदत हसन मंटो; मुशर्रफ़ आलम ज़ौकी़ द्वारा संपादित
260 ## - PUBLICATION, DISTRIBUTION, ETC. (IMPRINT)
Place of publication, distribution, etc नयी दिल्ली
Name of publisher, distributor, etc वाणी प्रकाशन
Date of publication, distribution, etc 2010
270 ## - ADDRESS
Address 4695, 21-ए, दरियागंज,
City नयी दिल्ली
300 ## - PHYSICAL DESCRIPTION
Extent 94 पृ.
Dimensions 22सेमी (सजिल्द)
490 ## - SERIES STATEMENT
Series statement मंटो अब तक-4
-- 22940
700 ## - ADDED ENTRY--PERSONAL NAME
Personal name मुशर्रफ़ आलम ज़ौकी़
9 (RLIN) 22888
942 ## - ADDED ENTRY ELEMENTS (KOHA)
Source of classification or shelving scheme Dewey Decimal Classification
Item type Hindi Books
Call number suffix मंटोस
Classification part
Holdings
Withdrawn status Lost status Not for loan Collection code Home library Current library Date acquired Source of acquisition Cost, normal purchase price Full call number Barcode Copy number Cost, replacement price Koha item type
      Fiction Andrews Gunj Andrews Gunj 05/10/2010 वाणी प्रकाशन/603/27.3.10/586/17.3.10/31.3.10 150.00 क मंटोस B-401145 1 150.00 Hindi Books
      Fiction Bagh Kadhe Khan Bagh Kadhe Khan 05/10/2010 वाणी प्रकाशन/603/27.3.10/586/17.3.10/31.3.10 150.00 क मंटोस B-401149 1 150.00 Hindi Books
      Fiction Bawana Bawana 05/10/2010 वाणी प्रकाशन/603/27.3.10/586/17.3.10/31.3.10 150.00 क मंटोस B-401148 1 150.00 Hindi Books
      Fiction Bawana Bawana 05/10/2010 वाणी प्रकाशन/603/27.3.10/586/17.3.10/31.3.10 150.00 क मंटोस B-401151 1 150.00 Hindi Books
      Fiction Central Library Central Library 05/10/2010 वाणी प्रकाशन/603/27.3.10/586/17.3.10/31.3.10 150.00 क मंटोस B-401137 1 150.00 Hindi Books
      Fiction Janak Puri Janak Puri 05/10/2010 वाणी प्रकाशन/603/27.3.10/586/17.3.10/31.3.10 150.00 क मंटोस B-401142 1 150.00 Hindi Books
      Fiction Mobile Library Mobile Library 05/10/2010 वाणी प्रकाशन/603/27.3.10/586/17.3.10/31.3.10 150.00 क मंटोस B-401138 2 150.00 Hindi Books
      Fiction Mobile Library Mobile Library 05/10/2010 वाणी प्रकाशन/603/27.3.10/586/17.3.10/31.3.10 150.00 क मंटोस B-401139 2 150.00 Hindi Books
      Fiction Narela Narela 05/10/2010 वाणी प्रकाशन/603/27.3.10/586/17.3.10/31.3.10 150.00 क मंटोस B-401150 1 150.00 Hindi Books
      Fiction New Police Line New Police Line 05/10/2010 वाणी प्रकाशन/603/27.3.10/586/17.3.10/31.3.10 150.00 क मंटोस B-401140 1 150.00 Hindi Books
      Fiction Patel Nagar Patel Nagar 05/10/2010 वाणी प्रकाशन/603/27.3.10/586/17.3.10/31.3.10 150.00 क मंटोस B-401141 1 150.00 Hindi Books
      Fiction R.K.Puram-8 R.K.Puram-8 05/10/2010 वाणी प्रकाशन/603/27.3.10/586/17.3.10/31.3.10 150.00 क मंटोस B-401144 1 150.00 Hindi Books
      Fiction Sarojini Nagar Sarojini Nagar 05/10/2010 वाणी प्रकाशन/603/27.3.10/586/17.3.10/31.3.10 150.00 क मंटोस B-401143 1 150.00 Hindi Books
      Fiction Shahdara Branch Shahdara Branch 05/10/2010 वाणी प्रकाशन/603/27.3.10/586/17.3.10/31.3.10 150.00 क मंटोस B-401152 1 150.00 Hindi Books
      Fiction Sriniwas Puri Sriniwas Puri 05/10/2010 वाणी प्रकाशन/603/27.3.10/586/17.3.10/31.3.10 150.00 क मंटोस B-401146 1 150.00 Hindi Books
      Fiction Vinoba Puri Vinoba Puri 05/10/2010 वाणी प्रकाशन/603/27.3.10/586/17.3.10/31.3.10 150.00 क मंटोस B-401147 1 150.00 Hindi Books

© Delhi Public Library
Hit Counter
free hit counter